Statistics for Top 15 Countries with Covid-19 Deaths - 15 September 2021

Click here to take the quiz!

General Stats

  • This quiz has been taken 16 times
  • The average score is 13 of 25

Answer Stats

country% Correct
United States
100%
Brazil
88%
Germany
88%
India
88%
United Kingdom
88%
Italy
81%
Russia
81%
Spain
81%
France
75%
Mexico
75%
Iran
63%
Argentina
56%
Colombia
44%
Indonesia
38%
Peru
38%
Belgium
31%
Czechia
31%
Hungary
31%
Slovakia
25%
Slovenia
25%
Bosnia and
Herzegovina
19%
Bulgaria
19%
North Macedonia
13%
Paraguay
13%
Georgia
6%

Score Distribution

Percentile by Number Answered

Percent of People with Each Score

Your Score History

You have not taken this quiz